Ιστορία της αρχιτεκτονικής : αρχιτεκτονική στο Βυζάντιο, το Ισλάμ και την Δυτική Ευρώπη κατά τον Μεσαίωνα
Αποθηκεύτηκε σε:
| Κύριος συγγραφέας: | |
|---|---|
| Μορφή: | Βιβλίο |
| Γλώσσα: | Greek |
| Δημοσίευση: |
Αθήνα :
Μέλισσα,
2001.
|
| Έκδοση: | 3η έκδ. |
| Θέματα: | |
| Ετικέτες: |
Προσθήκη ετικέτας
Δεν υπάρχουν, Καταχωρήστε ετικέτα πρώτοι!
|
MARC
| LEADER | 00000cam a2200000 i 4500 | ||
|---|---|---|---|
| 001 | 1/85213 | ||
| 008 | 050913s2001 gr | ||| |||| ||gre|| | ||
| 020 | |a 9602040238 |q (τ.2) | ||
| 035 | |l 10080220 | ||
| 040 | |a GR-MY-UA |b gre |e aacr | ||
| 041 | 0 | |a gre | |
| 082 | 7 | |a 720.9 |2 (22) | |
| 100 | 1 | |a Μπούρας, Χαράλαμπος Θ., |d 1933-2016. | |
| 245 | 1 | 0 | |a Ιστορία της αρχιτεκτονικής : |b αρχιτεκτονική στο Βυζάντιο, το Ισλάμ και την Δυτική Ευρώπη κατά τον Μεσαίωνα / |c Χαράλαμπος Θ. Μπούρας. |
| 250 | |a 3η έκδ. | ||
| 260 | |a Αθήνα : |b Μέλισσα, |c 2001. | ||
| 300 | |a ...τ. : |b εικ., σχεδ. ; |c 24 εκ. | ||
| 504 | |a Περιέχει ευρετήρια. | ||
| 650 | 0 | 0 | |a Architecture |x History. |
| 650 | 0 | 0 | |a Architecture |z Europe |x History. |
| 650 | 0 | 0 | |a Architecture, Byzantine. |
| 650 | 0 | 0 | |a Islamic architecture. |
| 650 | 0 | 0 | |a Architecture, Medieval. |
| 852 | |a INST |b LESVOS |e 20050913 |h 720.9 ΜΠΟ |p 005100031126 |q 005100031126 |t BK |y 0 |z τ.2 | ||
| 852 | |a INST |b LESVOS |e 20050913 |h 720.9 ΜΠΟ |p 005100031126 |q 005100031126 |t BK |v τ.2: |y 0 |z τ.2 | ||
| 853 | |a INST |b LESVOS |h 720.9 ΜΠΟ | ||
| 901 | |a BIBL1-2005-3 | ||
| 909 | |a Λ |b 116212 | ||
| 920 | |a ΔΙΕΥΡΥΝΣΗ |b ΕΠΕΑΕΚ-ΤΚ |y Λέσβος |z 2004-10 | ||
| 970 | |a ΚΑΡΑ |b ΓΙΑΣΕΜΗ |z 2005/09/13 | ||